វចនានុក្រមខ្មែរ-អង់គ្លេស : (Record no. 6575)

MARC details
000 -LEADER
fixed length control field 01025nam a22002297a 4500
001 - CONTROL NUMBER
control field 6575
003 - CONTROL NUMBER IDENTIFIER
control field FISKH
005 - DATE AND TIME OF LATEST TRANSACTION
control field 20250512121330.0
008 - FIXED-LENGTH DATA ELEMENTS--GENERAL INFORMATION
fixed length control field 250512b cb ||||| |||| 00| 0 eng d
040 ## - CATALOGING SOURCE
Original cataloging agency FISKH
Language of cataloging eng
Transcribing agency FISKH
Modifying agency FISKH
100 ## - MAIN ENTRY--PERSONAL NAME
Personal name Headley, Robert K.
245 ## - TITLE STATEMENT
Title វចនានុក្រមខ្មែរ-អង់គ្លេស :
Remainder of title Khmer-English Dictionary /
Statement of responsibility, etc. By Robert K.Headley,Jr. , Kylin Chhor , Lam Kheng Lim , Lim Hak Kheang and Chen Chun
250 ## - EDITION STATEMENT
Edition statement បោះពុម្ពលើកទី២
260 ## - PUBLICATION, DISTRIBUTION, ETC.
Place of publication, distribution, etc. ភ្នំពេញ​​ :
Date of publication, distribution, etc. ២០១០ .
300 ## - PHYSICAL DESCRIPTION
Extent 1275 pages :
Other physical details illustrations ;
Dimensions 21 cm .
520 ## - SUMMARY, ETC.
Summary, etc. Purpose: To assist in the translation and understanding of Khmer vocabulary in English, and to support bilingual education and cross-cultural communication.
650 ## - SUBJECT ADDED ENTRY--TOPICAL TERM
Topical term or geographic name entry element ខ្មែរ-អង់គ្លេស
Form subdivision វចនានុក្រម
650 ## - SUBJECT ADDED ENTRY--TOPICAL TERM
Topical term or geographic name entry element Khmer-English
Form subdivision Dictionary
700 ## - ADDED ENTRY--PERSONAL NAME
Personal name Chhor, Kulin
Relator term Illustrator
942 ## - ADDED ENTRY ELEMENTS (KOHA)
Source of classification or shelving scheme Dewey Decimal Classification
Koha item type Books
Suppress in OPAC No
Holdings
Withdrawn status Lost status Source of classification or shelving scheme Damaged status Not for loan Collection Home library Current library Shelving location Date acquired Total Checkouts Full call number Barcode Date last seen Price effective from Koha item type
    Dewey Decimal Classification     Khmer-English Bilingual / ភាសាខ្មែរ-អង់គ្លេស Footprints International School Library Network Toul Tom Poung Campus Footprints International School Library Network Toul Tom Poung Campus TTP Secondary Non-Fiction Bookshelves 05/12/2025   HEA 2025-1260 05/12/2025 05/12/2025 Books